Statistics for US states with largest population of Chilean born people

Click here to take the quiz!

General Stats

  • This quiz has been taken 64 times
  • The average score is 8 of 10

Answer Stats

PopAnswer% Correct
23549Florida
100%
24006California
98%
15050New York
98%
6282Texas
89%
8100New Jersey
78%
2753Illinois
76%
4195Virginia
64%
3045Massachusetts
58%
4146Maryland
55%
3364Utah
47%

Score Distribution

Percentile by Number Answered

Percent of People with Each Score

Your Score History

You have not taken this quiz